00594nam a2200169Ia 4500008004100000020001800041041000800059082001500067100002300082245005700105250000600162260005800168300001800226650003700244999001900281952012400300210716s2008 xx 000 0 und d a9780070668195 aeng a657.3 PENS aPenman, Stephen H. aFinancial statement analysis and security valuation. a3 aNew DelhibTata Mc Graw Hill Publishing Companyc2008 axxii,776/2010 aFinancial Reporting and Analyais c208000d208000 001040708MBAaAIMITbAIMITd2013-02-28g650.00l0o657.3 PENSpMBA10566r2026-05-23 00:00:00v487.50w2021-07-16yBK